Curriculum Development in Nursing Education (Record no. 9958)
[ view plain ]
| 000 -LEADER | |
|---|---|
| fixed length control field | 00435nam a22001577a 4500 |
| 008 - FIXED-LENGTH DATA ELEMENTS--GENERAL INFORMATION | |
| fixed length control field | 240806b |||||||| |||| 00| 0 eng d |
| 020 ## - INTERNATIONAL STANDARD BOOK NUMBER | |
| International Standard Book Number | 9781284026269 |
| 082 ## - DEWEY DECIMAL CLASSIFICATION NUMBER | |
| Classification number | 610.73 |
| 100 ## - MAIN ENTRY--PERSONAL NAME | |
| Personal name | Iwasiw, Carroll L. |
| 245 ## - TITLE STATEMENT | |
| Title | Curriculum Development in Nursing Education |
| 250 ## - EDITION STATEMENT | |
| Edition statement | 3rd ed. |
| 260 ## - PUBLICATION, DISTRIBUTION, ETC. | |
| Place of publication, distribution, etc. | Burlington: |
| Name of publisher, distributor, etc. | Jones and Bartlett, |
| Date of publication, distribution, etc. | 2015. |
| 300 ## - PHYSICAL DESCRIPTION | |
| Extent | xvi, 451 p.; |
| Dimensions | 23 Cm. |
| 700 ## - ADDED ENTRY--PERSONAL NAME | |
| Personal name | Goldenberg, Dolly. |
| Relator term | Author |
| 942 ## - Added entry Elements (Koha) | |
| Source of classification or shelving scheme | Dewey Decimal Classification |
| Withdrawn status | Lost status | Source of classification or shelving scheme | Damaged status | Not for loan | Collection code | Home library | Current library | Shelving location | Date acquired | Serial Enumeration / chronology | Full call number | Barcode | Date last seen | Price effective from | Koha item type |
|---|---|---|---|---|---|---|---|---|---|---|---|---|---|---|---|
| Dewey Decimal Classification | Main TEST | RTC Library | RTC Library | Main opac | 07/08/2024 | 18587 | 610.73 IWA C.1 | 30019683 | 07/08/2024 | 07/08/2024 | Main | ||||
| Dewey Decimal Classification | Main TEST | RTC Library | RTC Library | Main opac | 07/08/2024 | 18392 | 610.73 IWA C.2 | 30019750 | 07/08/2024 | 07/08/2024 | Main | ||||
| Dewey Decimal Classification | Main TEST | RTC Library | RTC Library | Main opac | 07/08/2024 | 18393 | 610.73 IWA C.3 | 30019475 | 07/08/2024 | 07/08/2024 | Main | ||||
| Dewey Decimal Classification | Main TEST | RTC Library | RTC Library | Main opac | 07/08/2024 | 18394 | 610.73 IWA C.4 | 30019455 | 07/08/2024 | 07/08/2024 | Main | ||||
| Dewey Decimal Classification | Main TEST | RTC Library | RTC Library | Main opac | 07/08/2024 | 18395 | 610.73 IWA C.5 | 30019561 | 07/08/2024 | 07/08/2024 | Main |